Statistics for Anime Titles by Synonyms

Click here to take the quiz!

General Stats

  • This quiz has been taken 227 times
  • The average score is 8 of 15

Answer Stats

HintAnime% Correct
Not playing no existenceNo Game No life
85%
Annihilation study hallAssassination Classroom
82%
Unit blow guyOne Punch Man
75%
Raid on behemothAttack on Titan
74%
Dagger craft networkSword Art Online
73%
Nourishment battleFood Wars
64%
Complete Alloy SorcererFull Metal Alchemist
63%
Muted speechSilent Voice
54%
Forthcoming journalFuture Diary
53%
Enthusiastically AwaySpirited away
45%
Built in GorgeMade in Abyss
34%
Ascending of the armour championRising of the shield hero
30%
Septanary noxious offenseThe seven deadly sins
16%
Scoundrel doesn't fantasize about a senior young women babeRascal Does Dream of Bunny Girl Senpai
7%
Origin of the blazing good newsNeon Genesis Evangelion
2%

Score Distribution

Percentile by Number Answered

Percent of People with Each Score

Your Score History

You have not taken this quiz